Man and woman among the Azande; (Record no. 119144)
[ view plain ]
| 000 -LEADER | |
|---|---|
| fixed length control field | 00928cam a2200301 4500 |
| 001 - CONTROL NUMBER | |
| control field | 2209304 |
| 003 - CONTROL NUMBER IDENTIFIER | |
| control field | ARRUPE |
| 005 - DATE AND TIME OF LATEST TRANSACTION | |
| control field | 20131210125637.0 |
| 008 - FIXED-LENGTH DATA ELEMENTS--GENERAL INFORMATION | |
| fixed length control field | 740508s1974 enka b 001 0 eng |
| 010 ## - LIBRARY OF CONGRESS CONTROL NUMBER | |
| LC control number | 74164551 |
| 015 ## - NATIONAL BIBLIOGRAPHY NUMBER | |
| National bibliography number | GB*** |
| 020 ## - INTERNATIONAL STANDARD BOOK NUMBER | |
| International Standard Book Number | 057110407X |
| 040 ## - CATALOGING SOURCE | |
| Original cataloging agency | DLC |
| Transcribing agency | DLC |
| Modifying agency | DLC |
| 043 ## - GEOGRAPHIC AREA CODE | |
| Geographic area code | f-sj--- |
| 050 00 - LIBRARY OF CONGRESS CALL NUMBER | |
| Classification number | SPC DT132 |
| Item number | .E79 |
| 082 00 - DEWEY DECIMAL CLASSIFICATION NUMBER | |
| Classification number | 301.41/09629/5 |
| 300 ## - PHYSICAL DESCRIPTION | |
| Other physical details | illus. |
| Dimensions | 23 cm. |
| 100 2# - MAIN ENTRY--PERSONAL NAME | |
| Personal name | Evans-Pritchard, E. E. |
| Fuller form of name | (Edward Evan), |
| Dates associated with a name | 1902-1973. |
| 9 (RLIN) | 5358 |
| 245 10 - TITLE STATEMENT | |
| Title | Man and woman among the Azande; |
| Statement of responsibility, etc | edited by E. E. Evans-Pritchard. |
| 260 ## - PUBLICATION, DISTRIBUTION, ETC. (IMPRINT) | |
| Place of publication, distribution, etc | London, |
| Name of publisher, distributor, etc | Faber and Faber |
| Date of publication, distribution, etc | [1974] |
| 300 ## - PHYSICAL DESCRIPTION | |
| Extent | 197 p. |
| 350 ## - PRICE (NR) (BK AM CF MU VM SE) [OBSOLETE] | |
| Price | £4.50 |
| 504 ## - BIBLIOGRAPHY, ETC. NOTE | |
| Bibliography, etc | Bibliography: p. 14-15. |
| 650 #0 - SUBJECT ADDED ENTRY--TOPICAL TERM | |
| Topical term or geographic name as entry element | Zande (African people) |
| 9 (RLIN) | 5359 |
| 650 #0 - SUBJECT ADDED ENTRY--TOPICAL TERM | |
| Topical term or geographic name as entry element | Zande (African people) |
| General subdivision | Marriage customs and rites. |
| 9 (RLIN) | 5360 |
| 650 #0 - SUBJECT ADDED ENTRY--TOPICAL TERM | |
| Topical term or geographic name as entry element | Sex customs |
| Geographic subdivision | Sudan. |
| 9 (RLIN) | 5361 |
| 906 ## - LOCAL DATA ELEMENT F, LDF (RLIN) | |
| a | 7 |
| b | cbc |
| c | orignew |
| d | 3 |
| e | ncip |
| f | 19 |
| g | y-gencatlg |
| 942 ## - ADDED ENTRY ELEMENTS (KOHA) | |
| Source of classification or shelving scheme | Library of Congress Classification |
| Koha item type | Monograph ( Printed materials) |
No items available.